Entry Nombre personal
001 - NÚMERO DE CONTROL
- campo de control: 241689
003 - IDENTIFICADOR DE NÚMERO DE CONTROL
- campo de control: SpMaBN
005 - FECHA Y HORA DE LA ÚLTIMA TRANSACCIÓN
- campo de control: 20250809111411.0
008 - ELEMENTOS DE DATO DE LONGITUD-FIJA
- campo de control de longitud fija: 050517n| aijnnaabn |n aac
016 ## - NÚMERO DE CONTROL DE UNA AGENCIA BIBLIOGRÁFICA NACIONAL
- Número de control del registro: BNE20051030633
040 ## - FUENTE DE CATALOGACIÓN
- Centro catalogador/agencia de origen: SpMaBN
- Lengua de catalogación: spa
- Centro/agencia transcriptor: SpMaBN
- Normas de descripción: rdc
- Convención/Normas de encabezamiento de materia/tesauro: embne
046 ## - FECHAS CON CODIFICACIÓN ESPECIAL
- Fecha de nacimiento: 1833
- Fecha de la muerte: 1902
100 1# - ENCABEZAMIENTO-NOMBRE DE PERSONA
- Nombre de persona: Borbón, Cristina de,
- Títulos y otros términos asociados al nombre: Infanta de España,
- Fechas asociadas al nombre: 1911-1996
375 ## - GÉNERO/SEXO
- Género: Femenino
400 1# - TRAZADO DE VÉASE--NOMBRE DE PERSONA
- Nombre de persona: Borbón y Battenberg, María Cristina de,
- Títulos y otros términos asociados al nombre: Infanta de España,
- Fechas asociadas al nombre: 1911-1996
670 ## - FUENTE DE DATOS ENCONTRADOS
- Cita de la fuente: Espasa
- Información encontrada: (Cristina de Borbón, n. 1833, hermana de Francisco de Asís, consorte de Isabel II; casó en 1860 con su tío D. Sebastián Gabriel, fue pintora de mérito)
